| 000 | 00556nam a2200169Ia 4500 | ||
|---|---|---|---|
| 008 | 100122s9999 xx 000 0 und d | ||
| 082 |
_b42146 _a821 |
||
| 100 | _aरामदास | ||
| 245 | _aश्रीमत लक्ष दासबोध | ||
| 250 | _a4 | ||
| 260 |
_bवा.कुवळेकर _c1937 |
||
| 300 | _a447 | ||
| 630 | _aश्रीमत लक्ष दासबोध | ||
| 700 | _aक्षीरसागर शंकर धोंडो | ||
| 730 | _aश्रीमत लक्ष दासबोध | ||
| 942 | _cBOOK | ||
| 999 |
_c422587 _d422584 |
||